| 000 | 00560nam a22002057a 4500 | ||
|---|---|---|---|
| 003 | OSt | ||
| 005 | 20220107122723.0 | ||
| 008 | 130828b xxu||||| |||| 00| 0 eng d | ||
| 020 | _a9780749467203 | ||
| 040 | _cIIITM-K | ||
| 082 | _a658.404 YOU/S | ||
| 100 |
_aYoung, Trevor L _92331 |
||
| 245 |
_aSuccessful project management: _bCreating success _cby Trevor L Young |
||
| 260 |
_aUK, _bKogan Page, _c2013. |
||
| 300 | _aix, 218p. | ||
| 650 |
_aMANAGEMENT _92332 |
||
| 650 |
_aPROJECT MANAGEMENT _92336 |
||
| 650 |
_aTIME MANAGEMENT _92339 |
||
| 942 |
_2ddc _cBK |
||
| 999 |
_c3373 _d3373 |
||